<?xml version="1.0" encoding="UTF-8"?>
<marc:record xmlns:marc="http://www.loc.gov/MARC21/slim">
   <marc:leader>00000nam a2200000 a 4500</marc:leader>
   <marc:datafield ind1="1" ind2=" " tag="100">
      <marc:subfield code="a">Kludas, Arnold</marc:subfield>
      <marc:subfield code="4">aut</marc:subfield>
      <marc:subfield code="e">Verfasser/-in</marc:subfield>
   </marc:datafield>
   <marc:datafield ind1=" " ind2=" " tag="653">
      <marc:subfield code="a">Kindersachbuch</marc:subfield>
   </marc:datafield>
   <marc:datafield ind1=" " ind2=" " tag="653">
      <marc:subfield code="a">Geschichte</marc:subfield>
   </marc:datafield>
   <marc:datafield ind1=" " ind2=" " tag="653">
      <marc:subfield code="a">Schiff</marc:subfield>
   </marc:datafield>
   <marc:datafield ind1="0" ind2="0" tag="245">
      <marc:subfield code="a">Schiffe</marc:subfield>
   </marc:datafield>
   <marc:datafield ind1="0" ind2="0" tag="245">
      <marc:subfield code="c">Von Arnold Kludas; Illustrat. v. Guido Canestari, Manfred Kostka, Udo Kruse-Schulz und Gerd Werner</marc:subfield>
   </marc:datafield>
   <marc:datafield ind1=" " ind2="1" tag="264">
      <marc:subfield code="a">Nürnberg</marc:subfield>
      <marc:subfield code="b">Tessloff Wissen</marc:subfield>
      <marc:subfield code="c">2010</marc:subfield>
   </marc:datafield>
   <marc:datafield ind1="1" ind2=" " tag="490">
      <marc:subfield code="a">Was ist was</marc:subfield>
   </marc:datafield>
   <marc:datafield ind1=" " ind2=" " tag="250">
      <marc:subfield code="a">Nachdruck</marc:subfield>
   </marc:datafield>
   <marc:datafield ind1="1" ind2=" " tag="520">
      <marc:subfield code="a">Ein einfaches Stück Holz wird das erste Gefährt des Menschen auf dem Wasser gewesen sein. Heute werden Waren mit modernen Containerschiffen über die Weltmeere transportiert, Fähren sichern schnelle Verkehrsverbindungen über See, und Urlauber verbringen die Ferienzeit auf luxuriösen Kreuzfahrtschiffen. Dazwischen liegt die spannende Zeit der Segelschifffahrt und eine bis heute grandiose Entwicklung der Technik; dazu zählen nicht nur die Dampfschifffahrt, sondern auch der Bau von Kühlfrachtern, Rettungskreuzern und riesigen Öltankern. Der Autor Arnold Kludas, Verfasser zahlreicher Sachbücher, versteht es, kompetent und mit vielen Hintergrundinformationen in diesem WAS IST WAS Buch die faszinierende Geschichte der internationalen Schifffahrt zu erzählen.</marc:subfield>
   </marc:datafield>
   <marc:datafield ind1=" " ind2=" " tag="020">
      <marc:subfield code="a">3788602651</marc:subfield>
      <marc:subfield code="9">3788602651</marc:subfield>
   </marc:datafield>
   <marc:datafield ind1=" " ind2=" " tag="300">
      <marc:subfield code="a">48 S</marc:subfield>
   </marc:datafield>
</marc:record>
